Začínáme programovat v C#

Saved in:
Bibliographic Details
Main Author: Gunnerson, Eric (Author)
Format: Book
Language:Czech
Published: Praha : Computer Press, 2001
Subjects:
Tags: Add Tag
No Tags, Be the first to tag this record!

MARC

LEADER 00000nam a22000003a 4500
001 stu129751
005 20150617225906.8
008 061115s2001----xr------------------cze-d
020 |a 80-7226-525-3 
040 |a STU  |b slo 
041 0 |a cze 
044 |a xr 
080 |a 004.42 C# 
100 1 |a Gunnerson, Eric  |4 aut 
245 1 |a Začínáme programovat v C# 
260 |a Praha :  |b Computer Press,  |c 2001 
300 |a 316 s 
650 7 |a programovanie  |2 stusub 
650 7 |a C#  |2 stusub 
996 |b 284EK86535  |c E*86535  |l EE12  |s P  |a 0  |w stu129751_0001